La constitucion inglesa : tomo i /
Guardado en:
| Autor Principal: | |
|---|---|
| Formato: | Libro |
| Publicado: |
: French,
1915
|
| Materias: | |
| Etiquetas: |
Agregar Etiqueta
Sin Etiquetas, Sea el primero en etiquetar este registro!
|
| LEADER | 00690nam a22001695a 4500 | ||
|---|---|---|---|
| 001 | CEM.cems000794 | ||
| 005 | 20060210000000.0 | ||
| 008 | 130507s1915##################000#0#####d | ||
| 003 | CEMS | ||
| 082 | 0 | 4 | |a 342.42 |
| 100 | 1 | |a Bagehot, W | |
| 245 | 1 | 0 | |a La constitucion inglesa : |b tomo i / |
| 260 | |a : French, |c 1915 | ||
| 300 | |a 290 p. | ||
| 505 | 0 | |a Incluye la Constitución de la Nacion Argentina, sancionada el 1 de mayo de 1853, con las reformas de 1860, 1866, 1898 y 1957; Estatuto Fundamental, promulgado por la Junta de Comandantes en Jefe de la Revolucion Argentina, el 24 de agosto de 1972 | |
| 653 | |a Inglaterra-constitucion | ||
| 859 | |a CEMS |b BIB. CEMS - 11 de abril |h 342.42 |i B146/1 |p 8646.81 |t Ej.1 | ||
